[Event "SRB Central-ch op-B 5th"]
[Site "Paracin"]
[Date "2012.07.06"]
[Round "1"]
[White "Stefanovic, Rade"]
[Black "Majstorovic, Dusan"]
[Result "0-1"]
[WhiteElo "1671"]
[BlackElo "2050"]
[PlyCount "78"]
[EventDate "2012.07.06"]
[EventType "swiss"]
[EventRounds "9"]
[EventCountry "SRB"]
[SourceTitle "CBM 149 Extra"]
[Source "ChessBase"]
[SourceDate "2012.08.24"]
[SourceVersion "1"]
[SourceVersionDate "2012.08.24"]
[SourceQuality "1"]

1. Nf3 d5 2. d4 Nf6 3. Bf4 e6 4. e3 Bd6 5. Bxd6 Qxd6 6. Qc1 0-0 7. Bd3 c5 8. c3 Nc6 9. a3 e5 10. dxe5 Nxe5 11. Nxe5 Qxe5 12. 0-0 Ng4 13. g3 Qh5 14. h4 Ne5 15. Qc2 Bh3 16. f4 Nxd3 17. Qxd3 Bxf1 18. Qxf1 Rfe8 19. Kf2 d4 20. exd4 cxd4 21. Nd2 dxc3 22. bxc3 Qc5+ 23. Kg2 Qxc3 24. Nf3 Rac8 25. Ra2 Re3 26. Rf2 Qxa3 27. h5 h6 28. Qb5 b6 29. g4 Qc5 30. Qd7 Qc6 31. Qf5 Qe6 32. Qxe6 Rxe6 33. f5 Re4 34. Kh3 Rf4 35. Kg3 Rcc4 36. Nh2 Rxf2 37. Kxf2 Rc2+ 38. Kg3 Rxh2 39. Kxh2 a5 0-1